Open Data Biblioteca Nacional de Portugal


República Portuguesa: Ministério da Cultura
Biblioteca Nacional de Portugal

Catálogo da BNP: acesso por Identificadores Unívocos
Registos Bibliográficos associados ao registo de autoridade

Etiqueta de registo: 00000nam 2200025 450
001 2288334
003 http://id.bnportugal.gov.pt/bib/catbnp/2288334
100 ## $a20260619d2021 k y0pory01030103ba
101 0# $apor$deng
102 ## $aPT
105 ## $aa m 000yy
106 ## $ar
200 1# $aInterfaces gráficas em visualização de informação$emodelo conceptual para o design de informação espaço-temporal interativa$fSara Amaral Rodrigues$gorient. Pedro Jorge Grácio dos Santos Duarte de Almeida, Ana Raquel de Ponte Figueiras
210 #9 $aLisboa$c[s.n.],$d2021
215 ## $aXIV, 436 p.$cil.$d30 cm
328 #1 $aTese dout. Belas-Artes (Design de Comunicação), Faculdade de Belas-Artes, Universidade de Lisboa, 2021
700 #1 $aRodrigues,$bSara Amaral$32001086
702 #1 $aAlmeida,$bPedro Jorge Grácio dos Santos Duarte de,$f1974-$4727$31333190
702 #1 $aFigueiras,$bAna Raquel de Ponte$4727$31680194
801 #0 $aPT$bBN$gRPC
966 ## $lBN$mFGMON$x1
971 ## $corlando$d20260619

OpendataBNP@bnportugal.pt | Mais informação sobre acesso aos dados BNP